Govt. of
Madhya Pradesh

Communication Skills & Personality Development (Record no. 68778)

MARC details
000 -LEADER
fixed length control field 00276nam a22001097a 4500
082 ## - DEWEY DECIMAL CLASSIFICATION NUMBER
Classification number 004
100 ## - MAIN ENTRY--AUTHOR NAME
Personal name Choubey,Santosh
245 ## - TITLE STATEMENT
Title Communication Skills & Personality Development
260 ## - PUBLICATION, DISTRIBUTION, ETC. (IMPRINT)
Place of publication Bhopal
Name of publisher Aisect Publication
Year of publication 2024
650 ## - SUBJECT ADDED ENTRY--TOPICAL TERM
Topical Term Computer
942 ## - ADDED ENTRY ELEMENTS (KOHA)
Koha item type Competitive Books
Holdings
Withdrawn status Lost status Damaged status Not for loan Home library Current library Date acquired Cost, normal purchase price Full call number Accession Number Price effective from Koha item type
        MACL MACL 06/03/2026 340.00 004 DPI004303 06/03/2026 Competitive Books